3-Word Country Hints - Statistics

General Stats
  • This quiz has been taken 32 times
  • The average score is 13 of 15
Answer Stats
Hint Answer % Correct
Beaver, Kindness, Maple Canada
100%
Suez, Pyramids, Camels Egypt
97%
Islands, Sheep, Maori New Zealand
97%
Zloty, Auschwitz, Pierogi Poland
97%
Watches, Chocolates, Fondue Switzerland
97%
Tiny, Pope, Italy Vatican City
97%
Island, Lemur, Dreamworks Madagascar
93%
Everest, Sherpa, Momos Nepal
93%
Messi, Asado, Andes Argentina
90%
Sarmale, Mountains, Dracula Romania
90%
Population, Lagos, Africa Nigeria
86%
Buddhism, Smiles, Tropical Thailand
79%
Vatu, Reefs, Pacific Vanuatu
69%
Managua, Macuá, Córdoba Nicaragua
55%
Small, Hawkers, Merlion Singapore
45%
No matching quizzes found
Score Distribution
Percent of People with Each Score
Percentile by Number Answered
Your Score History
You have not taken this quiz